Criminalidad ¿Prevención o promoción? (Registro nro. 6434)

Detalles MARC
000 -CABECERA
campo de control de longitud fija 00620aam a2200241 4500
005 - FECHA Y HORA DE ACTUALIZACIÓN
campo de control 20170206134948.0
008 - LONGITUD FIJA
campo de control de longitud fija 150720b xxu||||| |||| 00| 0 spa d
041 ## - IDIOMA
Código de idioma del texto/pista de sonido o título separado
082 ## - CLASIFICACIÓN DECIMAL DEWEY
Número de clasificación 364.4 C312c
100 ## - AUTOR PERSONAL
Nombre de persona Carranza, Elías
245 ## - TÍTULO PROPIAMENTE DICHO
Título Criminalidad ¿Prevención o promoción?
260 ## - PIE DE IMPRENTA
Lugar de publicación, distribución, etc. Costa Rica
260 ## - PIE DE IMPRENTA
Nombre del editor, distribuidor, etc. EUNED
260 ## - PIE DE IMPRENTA
Fecha de publicación, distribución, etc. 1994
300 ## - DESCRIPCIÓN FÍSICA
Extensión 138 páginas
500 ## - NOTA GENERAL
Nota general Fotocopias
650 ## - Materia General
Materia general COSTA RICA
650 ## - Materia General
Materia general CRIMINOLOGÍA
650 ## - Materia General
Materia general PREVENCIÓN DEL DELITO
650 ## - Materia General
Materia general TEORÍAS CRIMINOLÓGICAS
650 ## - Materia General
Materia general CRIMINALIDAD
942 ## - Punto de Acceso Adicional Koha
Tipo de ítem Koha Libro
Existencias
Estado retirado Estado perdido Fuente de clasificación o esquema de estantería Estado dañado No para préstamo Biblioteca permanente Biblioteca actual Signatura completa Código de barras Tipo de ítem
Retirado   Dewey Decimal Classification     Departamento de Biblioteca y Documentación Alfonso Chase Brenes Departamento de Biblioteca y Documentación Alfonso Chase Brenes 364.4 C312c 1005 Libro